000 01033nam a2200253Ia 4500
003 OSt
005 20220923211358.0
006 a|||||r|||| 00| 0
007 ta
008 220922b |||||||| |||| 00| 0 hin d
020 _a9788188466658 (hbk)
_c175
024 _a245,911
037 _b373, 11/02/2011, Swaraj Prakashan
_cTextual
040 _aARTS
_cARTS
_bhin
041 _2hin
_ahin
082 _aO152,1N35x, P9
100 _aश्रीवास्तव, परमानंद; अनामिका, संपा.
_9160333
245 0 _aइस बार सपने में तथा अन्य कविताएॅं
246 _aIs bār sapane mean tathā anya kavitāeॅan
260 _aदिल्ली
_b अमरसत्य प्रकाशन
_c2009
300 _a128पृ.
_ccm.
942 _hO152,1N35x, P9
_cTEXL
_2CC
999 _c298913
_d298913